• 首页
  • 本馆介绍
  • 公告通知
  • 最新文献
  • 馆藏检索
  • 电子资源
  • 读者导购
  • 参考咨询
  • 我的图书馆
  • 登录
  • 详细信息显示
  • 放入我的书架
  • 预约/预借图书
  • 作者相关作品
  • 分类相关作品
  • 丛书相关作品
  • 出版社相关作品

书目信息

  • 表格格式
  • 工作单格式
  • 卡片格式
题名:
袖珍世界地图册
    
 
作者:
分册:  
出版信息: 北京   地图出版社  1981.07
页数: 1册
开本: 8cm
丛书名:
单 册:
中图分类: K991
科图分类:
主题词: 地图
电子资源:
ISBN:
000 00493nam0 2200193 45
001 0405131764
005 20040513172445.7
010    @dCNY0.83
091    @a12014.1011
100    @a20040513d1981 km y0chiy0120 ea
101 0  @achi
105    @a z 000yy
200 1  @a袖珍世界地图册@AXiu Zhen Shi Jie Di Tu Ce
210    @a北京@c地图出版社@d1981.07
215    @a1册@d8cm
606 0  @a地图
690    @aK991@v3
801    @aCN@bTSTCL@c20040513
905    @f1@b73503@dK991@e3@b73504@f1@f1@b149974
    
    袖珍世界地图册.-北京:地图出版社,1981.07
    1册;8cm
    
    
    ISBN :CNY0.83
    
●
相关链接 在E读中查询图书 在五车中查询图书 在当当中查询图书 在豆瓣中查询图书


正题名:袖珍世界地图册     索取号:K991/3         预约/预借

序号 登录号 条形码 馆藏地/架位号 状态 备注
1 0073503   000083224   密集书库/ [索取号:K991/3] 在馆    
2 0073504   000083304   密集书库/ [索取号:K991/3] 在馆    
3 0073505   000083215   第二样本阅览室/ [索取号:K991/3] 在馆    
4 0149974   000083297   密集书库/ [索取号:K991/3] 在馆    
唐山师范学院图书馆 欢迎您!
大连网信软件有限公司© 版权所有